Normal view MARC view

Entry Nombre personal

Number of records used in: 7

001 - NÚMERO DE CONTROL

  • campo de control: 96375

003 - IDENTIFICADOR DE NÚMERO DE CONTROL

  • campo de control: SpMaBN

005 - FECHA Y HORA DE LA ÚLTIMA TRANSACCIÓN

  • campo de control: 20250702030226.0

008 - ELEMENTOS DE DATO DE LONGITUD-FIJA

  • campo de control de longitud fija: 960722nn ainnnaabn a aaa

016 ## - NÚMERO DE CONTROL DE UNA AGENCIA BIBLIOGRÁFICA NACIONAL

  • Número de control del registro: BNE19990028549

024 7# - IDENTIFICADOR DE OTROS ESTÁNDARES

  • Número estándar o código: http://www.wikidata.org/entity/Q8775574
  • Fuente: wikidata

024 7# - IDENTIFICADOR DE OTROS ESTÁNDARES

  • Número estándar o código: http://viaf.org/viaf/55736562/
  • Fuente: viaf

024 7# - IDENTIFICADOR DE OTROS ESTÁNDARES

  • Número estándar o código: https://isni.org/isni/0000000114729466
  • Fuente: isni

040 ## - FUENTE DE CATALOGACIÓN

  • Centro catalogador/agencia de origen: SpMaBN
  • Lengua de catalogación: spa
  • Centro/agencia transcriptor: SpMaBN
  • Normas de descripción: rdc
  • Convención/Normas de encabezamiento de materia/tesauro: embne

042 ## - CÓDIGO DE AUTENTICACIÓN

  • Código de autenticación: NORM20110218

046 ## - FECHAS CON CODIFICACIÓN ESPECIAL

  • Fecha de nacimiento: 1858
  • Fecha de la muerte: 1891

100 1# - ENCABEZAMIENTO-NOMBRE DE PERSONA

  • Nombre de persona: Reus y Bahamonde, Emilio,
  • Fechas asociadas al nombre: 1858-1891

370 ## - LUGAR ASOCIADO

  • Lugar de nacimiento: España, Madrid (Comunidad Autónoma), Madrid

370 ## - LUGAR ASOCIADO

  • Lugar de fallecimiento: Uruguay, Montevideo (Departamento), Montevideo

374 ## - OCUPACIÓN

  • Ocupación: Politicos
  • Fuente de información: Wikidata

375 ## - GÉNERO/SEXO

  • Género: Masculino
  • Fuente de información: Wikidata

377 ## - IDIOMA ASOCIADO

  • Término de lengua/lenguaje: Español

400 1# - TRAZADO DE VÉASE--NOMBRE DE PERSONA

  • Nombre de persona: Reus Bahamonde, Emilio,
  • Fechas asociadas al nombre: 1858-1891

400 1# - TRAZADO DE VÉASE--NOMBRE DE PERSONA

  • Nombre de persona: Reus, Emilio,
  • Fechas asociadas al nombre: 1858-1891

670 ## - FUENTE DE DATOS ENCONTRADOS

  • Cita de la fuente: Estudios sobre Filosofia de la Creación, 1876
  • Información encontrada: port. (Emilio Reus y Bahamonde)

670 ## - FUENTE DE DATOS ENCONTRADOS

  • Cita de la fuente: Memoria sobre el canal de riego derivado del río Genil en Écija y Palma del Río, 1884
  • Información encontrada: p. 5 (Emilio Reus)

670 ## - FUENTE DE DATOS ENCONTRADOS

  • Cita de la fuente: Espasa
  • Información encontrada: (Reus y Bahamonde, Emilio; n. en Madrid en 1858 y m. en Montevideo en 1891; Escritor, jurista y financiero español)